Vlastné imanie a záväzky - predmet vykazovania v súvahe rozpočtových organizácií, príspevkových organizácií a obcí
Podstata členenia zdrojov krytia majetku v súvahe rozpočtových organizácií, príspevkových organizácií a obcí. Kvalitatívne a kvantitatívne zmeny vo vykazovaní zdrojov krytia majetku v súvahe rozpočtových organizácií, príspevkových organizácií a obcí.
Uložené v:
| Hlavný autor: | |
|---|---|
| Ďalší autori: | |
| Médium: | Kapitola |
| Jazyk: | Slovak |
| Predmet: | |
| Tagy: |
Žiadne tagy, Buďte prvý, kto otaguje tento záznam!
|
MARC
| LEADER | 00000nla$a2200000$$$4500 | ||
|---|---|---|---|
| 001 | 0114271 | ||
| 005 | 20240502072255.5 | ||
| 041 | 0 | |a slo | |
| 044 | |a SK | ||
| 245 | 1 | 0 | |a Vlastné imanie a záväzky - predmet vykazovania v súvahe rozpočtových organizácií, príspevkových organizácií a obcí |c Alena Kordošová, Antónia Kovalčíková |
| 520 | |a Podstata členenia zdrojov krytia majetku v súvahe rozpočtových organizácií, príspevkových organizácií a obcí. Kvalitatívne a kvantitatívne zmeny vo vykazovaní zdrojov krytia majetku v súvahe rozpočtových organizácií, príspevkových organizácií a obcí. | ||
| 610 | 2 | 0 | |a imanie vlastné |
| 610 | 2 | 0 | |a záväzky |
| 610 | 2 | 0 | |a majetok |
| 610 | 2 | 0 | |a rezervy |
| 610 | 2 | 0 | |a účtovníctvo |
| 610 | 2 | 0 | |a súvaha |
| 610 | 2 | 0 | |a organizácie rozpočtové |
| 610 | 2 | 0 | |a organizácie príspevkové |
| 610 | 2 | 0 | |a obce |
| 100 | 1 | |a Kordošová, Alena, 1970- | |
| 700 | 1 | |a Kovalčíková, Antónia | |